Ч. III; Взаимодействие атомных частиц с твердым телом

Sonraí bibleagrafaíochta
Parent link:Взаимодействие атомных частиц с твердым телом: материалы V Всесоюзной конференции/ Минский радиотехнический институт ; отв. за вып. В. Е. Борисенко. Ч. III.— , 1979
Teanga:Rúisis
Foilsithe / Cruthaithe: 1979
Ábhair:
Formáid: LEABHAR
KOHA link:https://koha.lib.tpu.ru/cgi-bin/koha/opac-detail.pl?biblionumber=193147

MARC

LEADER 00000nam2a2200000 4500
001 193147
005 20231031181727.0
035 |a (RuTPU)RU\TPU\book\210638 
090 |a 193147 
100 |a 20110317d1979 k y0rusy50 ca 
101 0 |a rus 
102 |a BY 
105 |a a z 101zy 
200 0 |a Ч. III 
210 |d 1979 
215 |a 204 с.  |c ил. 
320 |a Библиогр. в конце докл. 
461 1 |0 (RuTPU)RU\TPU\book\211989  |t Взаимодействие атомных частиц с твердым телом  |o материалы V Всесоюзной конференции  |f Минский радиотехнический институт ; отв. за вып. В. Е. Борисенко  |v Ч. III  |d 1979 
610 1 |a твердые тела 
610 1 |a атомные частицы 
610 1 |a взаимодействие 
610 1 |a конференции 
610 1 |a распыления 
610 1 |a полимерные пленки 
610 1 |a исследования 
610 1 |a термический отжиг 
610 1 |a ионизация 
610 1 |a ионное облучение 
801 1 |a RU  |b 63413507  |c 20110317 
801 2 |a RU  |b 63413507  |c 20110413  |g RCR 
942 |c BK